[Event "SN-2010-0-00297"]
[Site "LSS email"]
[Date "2010.12.22"]
[Round "?"]
[White "Vontina, Maria"]
[Black "Wouters, Marc"]
[Result "1-0"]
[WhiteElo "758"]
[BlackElo "800"]
[PlyCount "53"]
[EventDate "2010.12.04"]
[EventType "tourn (corr)"]
[EventRounds "6"]
[EventCountry "GER"]
[SourceTitle "Telechess CBM 147"]
[Source "ChessBase"]
[SourceDate "2012.03.16"]
[SourceVersion "1"]
[SourceVersionDate "2012.03.16"]
[SourceQuality "1"]

1. e4 e5 2. Nf3 Nc6 3. Bb5 a6 4. Ba4 Nf6 5. 0-0 Bc5 6. Nc3 0-0 7. h3 d6 8. d3 g6 9. Bxc6 bxc6 10. Bh6 Re8 11. Ne2 Rb8 12. b3 d5 13. exd5 cxd5 14. Bg5 e4 15. dxe4 dxe4 16. Ne1 Qd5 17. Bxf6 Qxd1 18. Rxd1 Rb4 19. c4 Re6 20. Bc3 Rbb6 21. Nf4 Red6 22. Nc2 Bf5 23. Be5 Rxd1 24. Rxd1 h5 25. Kf1 c6 26. Rd8+ Bf8 27. Bd6 1-0

[Event "SN-2010-0-00297"]
[Site "LSS email"]
[Date "2010.12.22"]
[Round "?"]
[White "Wouters, Marc"]
[Black "Feng, Jason"]
[Result "0-1"]
[WhiteElo "800"]
[BlackElo "822"]
[PlyCount "48"]
[EventDate "2010.12.04"]
[EventType "tourn (corr)"]
[EventRounds "6"]
[EventCountry "GER"]
[SourceTitle "Telechess CBM 147"]
[Source "ChessBase"]
[SourceDate "2012.03.16"]
[SourceVersion "1"]
[SourceVersionDate "2012.03.16"]
[SourceQuality "1"]

1. e4 e5 2. Nf3 Nc6 3. g3 Bc5 4. Bd3 d6 5. h4 Bg4 6. c3 Nf6 7. 0-0 Bh3 8. Re1 Ng4 9. Qe2 Bxf2+ 10. Qxf2 Nxf2 11. Kxf2 Bg4 12. b4 Qf6 13. Re3 0-0-0 14. Na3 Ne7 15. Bc4 h6 16. Nb5 a6 17. Bb2 g5 18. hxg5 hxg5 19. Kg2 Qh6 20. Rh1 Qxh1+ 21. Kf2 Bxf3 22. Rxf3 Rh2+ 23. Ke3 Qe1+ 24. Kd3 Qxd2# 0-1